| 000 | 00791nam a22002297a 4500 | ||
|---|---|---|---|
| 005 | 20250327150605.0 | ||
| 008 | 250327b |||||||| |||| 00| 0 eng d | ||
| 020 | _a978-0-19-893662-6 (hbk) | ||
| 037 | _cTB | ||
| 040 |
_aCRL _cCRL |
||
| 041 |
_2eng _aeng |
||
| 084 |
_aV2y7M69:g R5 _qCRL |
||
| 245 |
_aGandhi, truth, and nonviolence: _bThe politics of engagement in post - trust times |
||
| 260 |
_aOxford, UK: _bOxford University Press, _c2025 |
||
| 300 | _axii, 346p. | ||
| 365 |
_b1100.00 _cINR |
||
| 650 |
_aGandhi _9703046 |
||
| 650 | _aIndia - History | ||
| 700 |
_aLal, Vinay (Editor) _9751541 |
||
| 942 |
_2CC _cTB _hV2y7M69:g R5 _n0 |
||
| 999 |
_c1308239 _d1308239 |
||